| 000 | 00595nam a22001937a 4500 | ||
|---|---|---|---|
| 003 | OSt | ||
| 005 | 20250731084354.0 | ||
| 008 | 250731b |||||||| |||| 00| 0 eng d | ||
| 020 | _a9789712367892 | ||
| 040 |
_aDWCL-Main lib _cOC |
||
| 082 | _aFil.808.066 A116f 2014 | ||
| 100 | _aAbad, Roberto A. | ||
| 245 |
_aFundamentals of legal writing/ _cRoberto A. Abad |
||
| 260 |
_a Manila : _bRex Book Store, _cc2014. |
||
| 300 |
_ax, 346 pages : _b illustrations ; _c 23 cm. |
||
| 650 | _a1. Legal composition. | ||
| 650 | _a2. Legal documents--Philippines. | ||
| 942 |
_2ddc _cBK - FIL _kFil. _n0 |
||
| 999 |
_c3928 _d3928 |
||